[Event "Polfinal Mistrzostw Polski Niewidomych i Slabowidzacych w szachach"]
[Site "Wagrowiec"]
[Date "1899-12-30"]
[Round "1.1"]
[White "Zoltek, Tadeusz"]
[Black "Pawlik, Tomasz"]
[Result "1-0"]
[WhiteTitle "FM"]
[BlackTitle "II+"]
[WhiteElo "2091"]
[BlackElo "1648"]

1. Nf3 d5 2. d4 Nf6 3. c4 e6 4. Nc3 Be7 5. Bg5 dxc4 6. e3 Nbd7 7. Bxc4 Nb6 8. Bb3
O-O 9. O-O Nfd5 10. Bxe7 Qxe7 11. Rc1 Nxc3 12. Rxc3 Nd5 13. Rc5 c6 14. Qd2 Nf6
15. Qe2 h6 16. Rfc1 Bd7 17. Ne5 Rfd8 18. Bc2 Nh7 19. f4 Nf8 20. Be4 Be8 21. a3
Nd7 22. Nxd7 Bxd7 23. R5c3 Re8 24. Qc4 g6 25. Qc5 Qxc5 26. Rxc5 Kg7 27. b4 Rac8
28. b5 cxb5 29. Bxb7 Rxc5 30. Rxc5 Rb8 31. Rc7 Be8 32. Ba6 Ra8 33. Kf2 Kf6 34.
e4 g5 35. g3 g4 36. Ke3 Kg6 37. d5 exd5 38. exd5 Rd8 39. Kd4 Rd7 40. Rxd7 Bxd7
41. Kc5 f5 42. Bxb5 Bxb5 43. Kxb5 Kf6 44. Kc6 Ke7 45. Kc7 1-0

[Event "Polfinal Mistrzostw Polski Niewidomych i Slabowidzacych w szachach"]
[Site "Wagrowiec"]
[Date "1899-12-30"]
[Round "1.3"]
[White "Pawelec, Bartosz"]
[Black "Gryglewicz, Tadeusz"]
[Result "1-0"]
[WhiteTitle "k"]
[BlackTitle "II+"]
[WhiteElo "2010"]
[BlackElo "1623"]

1. e4 g6 2. d4 d6 3. f4 Bg7 4. Bd3 c6 5. Nf3 Nf6 6. O-O Bg4 7. h3 h5 8. hxg4 hxg4
9. Nh2 g3 10. Nf3 Nbd7 11. Nc3 e5 12. Ne2 Nh5 13. Qe1 exf4 14. Nxf4 Qb6 15. Nxh5
Rxh5 16. Qxg3 O-O-O 17. Be3 Rdh8 18. Qxd6 Bf8 19. Qg3 c5 20. e5 cxd4 21. Bxd4
Bc5 22. Bxc5 Nxc5 1-0

[Event "Polfinal Mistrzostw Polski Niewidomych i Slabowidzacych w szachach"]
[Site "Wagrowiec"]
[Date "1899-12-30"]
[Round "1.4"]
[White "Bzowski, Grzegorz"]
[Black "Migala, Andrzej"]
[Result "0-1"]
[WhiteTitle "II+"]
[BlackTitle "k"]
[WhiteElo "1614"]
[BlackElo "2002"]

1. Nf3 d5 2. g3 Nf6 3. Bg2 Bg4 4. h3 Bh5 5. g4 Bg6 6. d3 e6 7. Bf4 Bd6 8. Qd2 Nbd7
9. Nc3 e5 10. Bg3 c6 11. O-O-O Qc7 12. Nh4 b5 13. Nxg6 fxg6 14. e4 d4 15. Ne2
c5 16. f4 O-O 17. fxe5 Bxe5 18. Bxe5 Nxe5 19. Rhf1 Nfd7 20. g5 Qd6 21. Nf4 Nb6
22. Rf2 Qe7 23. h4 Ng4 24. Rf3 Ne3 25. Rxe3 dxe3 26. Qxe3 Qe5 27. Ne2 b4 28. Rf1
a5 29. Qg3 Rxf1+ 30. Bxf1 Qxg3 31. Nxg3 Rf8 32. e5 Rf3 0-1

[Event "Polfinal Mistrzostw Polski Niewidomych i Slabowidzacych w szachach"]
[Site "Wagrowiec"]
[Date "1899-12-30"]
[Round "1.5"]
[White "Stolarczyk, Anna"]
[Black "Wegner, Wieslaw"]
[Result "1-0"]
[WhiteTitle "WCM"]
[BlackTitle "II"]
[WhiteElo "1934"]
[BlackElo "1610"]

1. d4 g6 2. g3 Bg7 3. Bg2 d5 4. Nf3 e6 5. O-O Nf6 6. b3 Nc6 7. Ba3 Ne7 8. c4 c6
9. Ne5 Nd7 10. f4 f6 11. Nf3 Nb6 12. Nbd2 O-O 13. e4 f5 14. exd5 cxd5 15. c5 Nd7
16. Ne5 b6 17. Ndf3 h6 18. cxb6 axb6 19. Bxe7 Qxe7 20. Nxg6 Qb4 21. Nxf8 Kxf8
22. Ne5 Nxe5 23. fxe5 Ba6 24. Rf2 Ra7 25. Rc1 Bh8 26. g4 Rf7 27. gxf5 exf5 28.
Bxd5 Rg7+ 29. Bg2 Bb7 30. Rxf5+ Kg8 31. Rf2 Bxg2 32. Rxg2 Rxg2+ 33. Kxg2 Bg7 34.
Rc8+ Bf8 35. Qc2 Qe7 36. Qg6+ Qg7 37. Qxg7+ Kxg7 38. Rxf8 Kxf8 39. d5 Ke7 40.
d6+ Ke6 41. b4 b5 42. Kf3 h5 43. Ke4 h4 44. Kd4 Kd7 45. Kc5 h3 46. Kxb5 1-0

[Event "Polfinal Mistrzostw Polski Niewidomych i Slabowidzacych w szachach"]
[Site "Wagrowiec"]
[Date "1899-12-30"]
[Round "1.6"]
[White "Jagiello, Jerzy"]
[Black "Kowalczyk, Marian"]
[Result "0-1"]
[WhiteTitle "II"]
[BlackTitle "I++"]
[WhiteElo "1601"]
[BlackElo "1920"]

1. e4 c5 2. Nf3 d6 3. Bc4 Nf6 4. Nc3 e6 5. d4 cxd4 6. Nxd4 Nc6 7. a3 Be7 8. h3
O-O 9. Be3 Bd7 10. Qd2 Rc8 11. Ba2 a6 12. O-O Qc7 13. Rad1 Rfd8 14. f4 e5 15.
Nxc6 Bxc6 16. Nd5 Nxd5 17. exd5 Be8 18. c3 Bf6 19. Qf2 Qe7 20. Bb6 Rd7 21. Rd2
exf4 22. Re2 Be5 23. Rfe1 Qg5 24. Bd4 Re7 25. h4 Qf6 26. Bxe5 Rxe5 27. g3 fxg3
28. Qxg3 Rxe2 29. Rxe2 Bd7 30. Rf2 Qg6 31. Qxg6 hxg6 32. Re2 Kf8 33. Kg2 Bf5 34.
Kg3 f6 35. Kf4 Kf7 36. h5 Bd3 37. Re3 g5+ 38. Kg4 Bc2 39. Re6 Bd1+ 40. Kg3 Rd8
41. b4 Bxh5 42. c4 Bg6 43. a4 Bf5 44. Re1 Rh8 45. a5 Rh3+ 46. Kg2 Rh4 47. Re3
0-1

[Event "Polfinal Mistrzostw Polski Niewidomych i Slabowidzacych w szachach"]
[Site "Wagrowiec"]
[Date "1899-12-30"]
[Round "1.7"]
[White "Wolanski, Michal"]
[Black "Wyrzykowski, Jozef"]
[Result "1-0"]
[WhiteTitle "I++"]
[BlackTitle "I"]
[WhiteElo "1903"]
[BlackElo "1600"]

1. c4 d5 2. cxd5 Qxd5 3. Nc3 Qd8 4. d4 e6 5. g3 Bd7 6. Bg2 Bc6 7. Nf3 Nd7 8. O-O
Ngf6 9. Qc2 Be7 10. e4 O-O 11. Bf4 Re8 12. Rfd1 h6 13. d5 exd5 14. exd5 Nxd5 15.
Nxd5 Bxd5 16. Rxd5 c6 17. Rd2 Bf6 18. Rad1 Re7 19. Bd6 Re6 20. Bb4 Qb6 21. Bc3
Bxc3 22. Qxc3 Nc5 23. Nd4 Re5 24. Nxc6 Ree8 25. Nd4 Ne4 26. Bxe4 Rxe4 27. Nf5
f6 28. Nd6 Re5 29. Qc4+ Kh7 30. Qd3+ g6 1-0

[Event "Polfinal Mistrzostw Polski Niewidomych i Slabowidzacych w szachach"]
[Site "Wagrowiec"]
[Date "1899-12-30"]
[Round "1.8"]
[White "Urbaniak, Karol"]
[Black "Staruch, Roman"]
[Result "1-0"]
[WhiteTitle "I"]
[BlackTitle "I++"]
[WhiteElo "1592"]
[BlackElo "1875"]

1. e4 e5 2. Nf3 Nc6 3. Bc4 Nd4 4. O-O Nxf3+ 5. Qxf3 Qf6 6. Qg3 Bc5 7. Nc3 Ne7 8.
d3 h6 9. Nb5 Bb6 10. Be3 c6 11. Nc3 d6 12. f4 Bxe3+ 13. Qxe3 O-O 14. fxe5 Qxe5
15. d4 Qh5 16. Rae1 Be6 17. Bd3 Ng6 18. Ne2 a5 19. Ng3 Qh4 20. Nf5 Bxf5 21. Rxf5
Qe7 22. Ref1 Qe6 23. Qf2 Qxa2 24. b3 Nh8 25. Bc4 Qb2 26. Bxf7+ Kh7 27. Bc4 Rxf5
28. Qxf5+ Ng6 29. Bf7 Qxd4+ 30. Kh1 Qf6 31. Qxf6 gxf6 32. Rxf6 Ne5 33. Be6 Rd8
34. Rf1 Kg7 35. h3 b6 36. g4 Rf8 37. Bf5 Rf6 38. Kg2 c5 39. h4 Nf7 40. Kg3 Ng5
41. hxg5 1-0

[Event "Polfinal Mistrzostw Polski Niewidomych i Slabowidzacych w szachach"]
[Site "Wagrowiec"]
[Date "1899-12-30"]
[Round "1.9"]
[White "Pociejowski, Marek"]
[Black "Binkowski, Kazimierz"]
[Result "1-0"]
[WhiteTitle "I++"]
[BlackTitle "II"]
[WhiteElo "1865"]
[BlackElo "1578"]

1. d4 Nf6 2. c4 d5 3. cxd5 Nxd5 4. e4 Nf6 5. Nc3 e6 6. Nf3 Be7 7. Be2 O-O 8. O-O
c6 9. h3 h6 10. Be3 Nh7 11. e5 b6 12. Qc2 Ba6 13. Rfd1 Bxe2 14. Qxe2 Bg5 15. Nxg5
Nxg5 16. f4 Nh7 17. Ne4 f5 18. Nd6 Qc7 19. Rac1 Qe7 20. Qc4 Kh8 21. Kh2 g5 22.
g3 Rg8 23. Rg1 h5 24. a4 a6 25. Ra1 Ra7 26. h4 gxh4 27. Bf2 hxg3+ 28. Bxg3 h4
29. Bf2 Rg4 30. Nc8 b5 31. Qb3 Qd7 32. Nxa7 Qxa7 33. Qxe6 Qd7 34. Qb3 Qd5 35.
Qxd5 cxd5 36. Rxg4 fxg4 37. Bxh4 Nc6 38. axb5 axb5 39. Bf2 Nb4 40. Kg3 Nd3 41.
Ra5 Nf8 42. Rxb5 Ne6 43. Be3 1-0

[Event "Polfinal Mistrzostw Polski Niewidomych i Slabowidzacych w szachach"]
[Site "Wagrowiec"]
[Date "1899-12-30"]
[Round "1.10"]
[White "Gawel, Janusz"]
[Black "Kulpinski, Piotr"]
[Result "0-1"]
[WhiteTitle "II"]
[BlackTitle "I++"]
[WhiteElo "1576"]
[BlackElo "1860"]

1. d4 d5 2. c4 c6 3. Nc3 Nf6 4. Bg5 e6 5. e3 Nbd7 6. Nf3 h6 7. Bh4 Be7 8. Bd3 O-O
9. O-O dxc4 10. Bxc4 b5 11. Bd3 a6 12. Qc2 Bb7 13. Ne4 g5 14. Bxg5 Nxe4 15. Bxe4
0-1

[Event "Polfinal Mistrzostw Polski Niewidomych i Slabowidzacych w szachach"]
[Site "Wagrowiec"]
[Date "1899-12-30"]
[Round "1.11"]
[White "Sargalski, Andrzej"]
[Black "Kaczorowski, Boguslaw"]
[Result "1-0"]
[WhiteTitle "I++"]
[BlackTitle "II"]
[WhiteElo "1840"]
[BlackElo "1571"]

1. e4 c5 2. Nf3 d6 3. d4 cxd4 4. Nxd4 Nc6 5. c4 e6 6. Nc3 Nf6 7. Be3 Be7 8. Be2
a6 9. O-O O-O 10. f4 Bd7 11. Bf3 Nxd4 12. Bxd4 Bc6 13. Qe2 Rc8 14. Rad1 Qc7 15.
Qf2 Bd7 16. b3 b5 17. e5 Ne8 18. cxb5 axb5 19. b4 d5 20. a3 f6 21. Qe3 f5 22.
Be2 Ra8 23. Nxb5 Bxb5 24. Bxb5 Qb7 25. Be2 Nc7 26. Qd3 Rfc8 27. Rc1 Ne8 28. Qb5
Qxb5 29. Bxb5 Kf7 30. Bxe8+ Kxe8 31. Rxc8+ Rxc8 32. Rf3 Bf8 33. h3 Rc4 34. Rd3
Kd7 35. Kf2 h6 36. g4 fxg4 37. hxg4 g5 38. f5 exf5 39. gxf5 h5 40. Be3 Be7 41.
Rxd5+ Ke8 42. f6 Rc2+ 43. Rd2 Rxd2+ 44. Bxd2 1-0

[Event "Polfinal Mistrzostw Polski Niewidomych i Slabowidzacych w szachach"]
[Site "Wagrowiec"]
[Date "1899-12-30"]
[Round "1.12"]
[White "Tobolski, Michal"]
[Black "Traczyk, Tadeusz"]
[Result "1/2-1/2"]
[WhiteTitle "II"]
[BlackTitle "I"]
[WhiteElo "1514"]
[BlackElo "1809"]

1. e4 c5 2. Nf3 Nc6 3. d4 cxd4 4. Nxd4 Nf6 5. Nxc6 bxc6 6. Nc3 e5 7. Bc4 Be7 8.
a3 O-O 9. O-O Bb7 10. Bg5 h6 11. Bd2 d5 12. exd5 cxd5 13. Bb3 d4 14. Ne2 Qc7 15.
Ng3 Qc6 16. f3 Rad8 17. Nf5 Bc5 18. Kh1 e4 19. Bb4 Bxb4 20. axb4 Qd7 21. fxe4
Bxe4 22. Ng3 Bg6 23. Qf3 Rfe8 24. Ba4 Qd5 25. Bxe8 Rxe8 26. Qxd5 Nxd5 27. c3 dxc3
28. bxc3 Nxc3 29. Rxa7 Rb8 30. Ra3 Nd5 31. Rd1 Rxb4 32. h3 Nf6 1/2-1/2

[Event "Polfinal Mistrzostw Polski Niewidomych i Slabowidzacych w szachach"]
[Site "Wagrowiec"]
[Date "1899-12-30"]
[Round "1.13"]
[White "Wodas, Pawel"]
[Black "Malcer, Joanna"]
[Result "1-0"]
[WhiteTitle "I"]
[BlackTitle "I"]
[WhiteElo "1799"]
[BlackElo "1503"]

1. Nf3 d6 2. g3 Bd7 3. Bg2 Nc6 4. d4 Rb8 5. c4 e6 6. Nc3 Nf6 7. e4 h6 8. Qe2 a6
9. O-O Be7 10. e5 Nh7 11. h4 O-O 12. a3 Na5 13. Nd2 c5 14. exd6 Bxd6 15. dxc5
Be7 16. b4 Nc6 17. Nf3 Bf6 18. Bb2 Nd4 19. Nxd4 Bxd4 20. Rad1 e5 21. Rd2 Qc8 22.
Nd5 Re8 23. Bxd4 exd4 24. Ne7+ Rxe7 25. Qxe7 Nf8 26. Rxd4 Be6 27. Rfd1 Nd7 28.
Rxd7 Bxd7 29. Rxd7 1-0

[Event "Polfinal Mistrzostw Polski Niewidomych i Slabowidzacych w szachach"]
[Site "Wagrowiec"]
[Date "1899-12-30"]
[Round "1.14"]
[White "Loroch, Zygfryd"]
[Black "Barnowski, Sylwester"]
[Result "1/2-1/2"]
[WhiteTitle "II"]
[BlackTitle "I"]
[WhiteElo "1427"]
[BlackElo "1790"]

1. e4 e5 2. Nc3 Nc6 3. Nf3 Nf6 4. d3 h6 5. Be2 Bb4 6. Bd2 O-O 7. O-O d5 8. exd5
Nxd5 9. Nxd5 Qxd5 10. Bxb4 Nxb4 11. c3 Nc6 12. Qb3 Qxb3 13. axb3 Bf5 14. Ra4 Rfd8
15. d4 b5 16. Ra6 Nb8 17. Raa1 e4 18. Nh4 Bd7 19. g3 c6 20. f3 Bh3 21. Rfe1 g5
22. Ng2 Bxg2 23. Kxg2 f5 24. fxe4 fxe4 25. Bh5 Nd7 26. Rxe4 Nf6 27. Bf3 Nxe4 28.
Bxe4 Rd6 29. Re1 Rc8 30. b4 Kg7 31. g4 Rf6 32. Bf5 Rc7 33. Kg3 Kf7 34. b3 Re7
35. Rh1 Re3+ 36. Kf2 Rxc3 37. Ra1 Rxb3 38. Rxa7+ Kf8 39. Ra8+ Ke7 40. Ra7+ 1/2-1/2

[Event "Polfinal Mistrzostw Polski Niewidomych i Slabowidzacych w szachach"]
[Site "Wagrowiec"]
[Date "1899-12-30"]
[Round "1.15"]
[White "Baryla, Damian"]
[Black "Skiera, Edward"]
[Result "1/2-1/2"]
[WhiteTitle "II"]
[BlackTitle "II"]
[WhiteElo "1781"]
[BlackElo "1421"]

1. e4 e5 2. Nf3 Nc6 3. Bc4 Bc5 4. O-O Nf6 5. Nc3 O-O 6. d3 d6 7. h3 Nd4 8. Na4
Bb6 9. Nxb6 axb6 10. c3 Nxf3+ 11. Qxf3 h6 12. a3 Nh7 13. Qg3 Qf6 14. f4 Be6 15.
fxe5 Qxe5 16. Bf4 Qh5 17. Bxe6 fxe6 18. e5 d5 19. d4 b5 20. Qe3 g5 21. Bg3 Rf7
22. Rxf7 Qxf7 23. Rf1 Qg7 24. Be1 Rf8 25. Rxf8+ Kxf8 26. Qf3+ 1/2-1/2

[Event "Polfinal Mistrzostw Polski Niewidomych i Slabowidzacych w szachach"]
[Site "Wagrowiec"]
[Date "1899-12-30"]
[Round "1.16"]
[White "Bialas, Stanislaw"]
[Black "Niecko, Stanislaw"]
[Result "0-1"]
[WhiteTitle "II"]
[BlackTitle "I+"]
[WhiteElo "1409"]
[BlackElo "1753"]

1. e4 Nc6 2. Nf3 e5 3. c3 d5 4. exd5 Qxd5 5. d3 Nf6 6. c4 Qd6 7. Nc3 Be7 8. Be2
Bg4 9. O-O O-O 10. Re1 Rad8 11. a3 Nd4 12. Nxd4 Qxd4 13. Be3 Bxe2 14. Bxd4 Bxd1
15. Bxe5 Bc2 16. d4 c6 17. Rac1 Bd3 18. c5 Rfe8 19. b4 Ng4 20. h3 Nxe5 21. dxe5
Bg5 22. Rcd1 Bc2 23. Rxd8 Rxd8 24. Ne4 Bxe4 25. Rxe4 Kf8 26. a4 a6 27. h4 Bd2
28. g4 Bc3 29. Kg2 Rd4 30. Rxd4 Bxd4 31. f4 Bc3 32. Kf3 Bxb4 33. Ke4 Bxc5 34.
f5 Ke7 35. h5 b5 36. g5 a5 37. axb5 cxb5 38. Kd5 Be3 39. g6 hxg6 40. fxg6 fxg6
41. hxg6 0-1

[Event "Polfinal Mistrzostw Polski Niewidomych i Slabowidzacych w szachach"]
[Site "Wagrowiec"]
[Date "1899-12-30"]
[Round "1.17"]
[White "Huzarski, Stanislaw"]
[Black "Jagiela, Elzbieta"]
[Result "1-0"]
[WhiteTitle "I"]
[BlackTitle "II"]
[WhiteElo "1753"]
[BlackElo "1402"]

1. e4 e5 2. Nf3 Nc6 3. Bb5 a6 4. Ba4 Nf6 5. d3 h6 6. O-O Bc5 7. Bxc6 dxc6 8. Nxe5
O-O 9. Nd2 Bd7 10. h3 Re8 11. Nef3 Be6 12. Re1 Nh5 13. Nf1 Nf6 14. Be3 Bxe3 15.
Nxe3 b5 16. c3 c5 17. Qc2 c6 18. d4 c4 19. Rad1 Qc7 20. Ne5 c5 21. Nf3 Nxe4 22.
Qxe4 Bxh3 23. Qh4 Bc8 24. Nd5 Rxe1+ 25. Rxe1 Qd7 26. Nb6 Qb7 27. Nxa8 Qxa8 28.
Qd8+ Kh7 29. Re8 Qb8 30. Rh8+ Kg6 31. Ne5+ Kf5 32. Qxc8+ 1-0

[Event "Polfinal Mistrzostw Polski Niewidomych i Slabowidzacych w szachach"]
[Site "Wagrowiec"]
[Date "1899-12-30"]
[Round "1.18"]
[White "Tyszkiewicz, Adam"]
[Black "Mettel, Werner"]
[Result "0-1"]
[WhiteTitle "II"]
[BlackTitle "I"]
[WhiteElo "1396"]
[BlackElo "1742"]

1. e4 e5 2. Nf3 Nc6 3. Nc3 Be7 4. Be2 d6 5. O-O Nf6 6. d4 exd4 7. Nxd4 Bd7 8. Bb5
Nxd4 9. Bxd7+ Qxd7 10. Qxd4 O-O 11. Nd5 h6 12. Nxf6+ Bxf6 13. Qd3 Rfe8 14. Re1
Qc6 15. c3 Re6 16. Bf4 Rae8 17. f3 d5 18. exd5 Rxe1+ 19. Rxe1 Rxe1+ 20. Kf2 Qe8
21. Bxc7 Re7 22. d6 Rd7 23. Qb5 Qc8 24. Qc5 a6 25. Qb6 Bd8 0-1

[Event "Polfinal Mistrzostw Polski Niewidomych i Slabowidzacych w szachach"]
[Site "Wagrowiec"]
[Date "1899-12-30"]
[Round "1.19"]
[White "Dziobek, Jerzy"]
[Black "Inglot, Marian"]
[Result "1-0"]
[WhiteTitle "I"]
[BlackTitle "II"]
[WhiteElo "1731"]
[BlackElo "1394"]

1. d4 Nf6 2. Nf3 d5 3. e3 Bg4 4. Be2 Nc6 5. Nbd2 e6 6. h3 Bh5 7. Ng5 h6 8. Bxh5
hxg5 9. Bf3 Qd7 10. a3 O-O-O 11. b4 Kb8 12. c4 Bd6 13. c5 Be7 14. b5 Na5 15. Qa4
Nc4 16. Nxc4 dxc4 17. c6 Qd6 18. Qxc4 b6 19. Bd2 Rh4 20. Bb4 Qxd4 21. exd4 Rf4
22. Bxe7 Rfxd4 23. Qe2 Ne4 24. Rd1 Nc3 25. Rxd4 Rxd4 1-0

[Event "Polfinal Mistrzostw Polski Niewidomych i Slabowidzacych w szachach"]
[Site "Wagrowiec"]
[Date "1899-12-30"]
[Round "1.20"]
[White "Miodonski, Miroslaw"]
[Black "Salamon, Jan"]
[Result "1-0"]
[WhiteTitle "II"]
[BlackTitle "I"]
[WhiteElo "1384"]
[BlackElo "1731"]

1. e4 d6 2. f4 Nf6 3. Bc4 Nxe4 4. Bxf7+ Kxf7 5. Qh5+ g6 6. Qd5+ e6 7. Qxe4 Qh4+
8. g3 Qe7 9. Nf3 Bg7 10. d4 d5 11. Ng5+ Kg8 12. Qe2 Nd7 13. O-O Nf6 14. Be3 a6
15. a4 Bd7 16. Nd2 Re8 17. b3 h5 18. h3 c6 19. c4 Rc8 20. Rfc1 1-0

[Event "Polfinal Mistrzostw Polski Niewidomych i Slabowidzacych w szachach"]
[Site "Wagrowiec"]
[Date "1899-12-30"]
[Round "1.21"]
[White "Debowska, Teresa"]
[Black "Jakimczuk, Alicja"]
[Result "1-0"]
[WhiteTitle "WFM"]
[BlackTitle "I"]
[WhiteElo "1730"]
[BlackElo "1315"]

1. g3 d5 2. Bg2 Nf6 3. f4 Bf5 4. Nf3 h6 5. O-O e6 6. d3 c6 7. c3 Be7 8. h3 O-O
9. Be3 c5 10. Nbd2 Nc6 11. Bf2 Rc8 12. Nh4 Bh7 13. e4 dxe4 14. dxe4 b6 15. Qe2
Qc7 16. Rad1 Rfd8 17. Bf3 Nd7 18. Ng2 Nf8 19. g4 Kh8 20. Bg3 Ng6 21. h4 e5 22.
f5 Nf4 23. Nxf4 exf4 24. Bf2 Ne5 25. Nc4 Nxf3+ 26. Qxf3 Rxd1 27. Rxd1 Rd8 28.
Rxd8+ Bxd8 29. Qd3 f6 30. Nd2 Bg8 31. b3 Be7 32. Kg2 Bd6 33. Kf3 Bf7 34. Be1 h5
35. Nc4 g6 36. Qxd6 hxg4+ 37. Kxg4 Qb7 38. Qxf4 Kg8 39. Nd6 Qa6 40. fxg6 1-0

[Event "Polfinal Mistrzostw Polski Niewidomych i Slabowidzacych w szachach"]
[Site "Wagrowiec"]
[Date "1899-12-30"]
[Round "1.22"]
[White "Czarnecki, Zbigniew"]
[Black "Kopiec, Miroslaw"]
[Result "0-1"]
[WhiteTitle "II"]
[BlackTitle "II+"]
[WhiteElo "1296"]
[BlackElo "1722"]

1. e4 e5 2. f4 d6 3. d4 Nc6 4. Bb5 Bd7 5. Bxc6 Bxc6 6. d5 Bd7 7. Nf3 f6 8. O-O
g6 9. Be3 Bh6 10. Qd2 exf4 11. Bxf4 Bxf4 12. Qxf4 Qe7 13. h4 h6 14. Nd4 g5 15.
hxg5 hxg5 16. Qf3 Qe5 17. Rd1 g4 18. Qe3 Qh2+ 19. Kf2 Rh3 20. Qxh3 gxh3 21. Rg1
Nh6 22. Nf3 Ng4+ 23. Ke2 Qf4 24. Kd1 Ne3+ 25. Ke2 Nxg2 26. Kf2 Qe3+ 0-1

[Event "Polfinal Mistrzostw Polski Niewidomych i Slabowidzacych w szachach"]
[Site "Wagrowiec"]
[Date "1899-12-30"]
[Round "1.23"]
[White "Jagiela, Andrzej"]
[Black "Lazuka, Jan"]
[Result "1-0"]
[WhiteTitle "I"]
[BlackTitle "III"]
[WhiteElo "1716"]
[BlackElo "1264"]

1. e4 e5 2. Nf3 Nc6 3. Bc4 h6 4. O-O Nf6 5. d4 d6 6. d5 Ne7 7. Bb3 a6 8. h3 Ng6
9. Nc3 Be7 10. Be3 O-O 11. Ne2 Nh5 12. Nc3 Nh4 13. Nxh4 Bxh4 14. Qxh5 Bg5 15.
Rae1 Bxe3 16. Rxe3 Bd7 17. Rg3 Qf6 18. Rf3 Qg6 19. Qxg6 fxg6 20. Rxf8+ Kxf8 21.
f4 exf4 22. Rxf4+ Kg8 23. Rf2 b5 24. a3 c6 25. dxc6+ Kh7 1-0

[Event "Polfinal Mistrzostw Polski Niewidomych i Slabowidzacych w szachach"]
[Site "Wagrowiec"]
[Date "1899-12-30"]
[Round "1.24"]
[White "Jagiello, Adolf"]
[Black "Grzywacz, Ryszard"]
[Result "0-1"]
[WhiteTitle "II"]
[BlackTitle "I"]
[WhiteElo "1233"]
[BlackElo "1705"]

1. e4 e5 2. Nf3 Nc6 3. Bc4 Bc5 4. a3 d6 5. b4 Bb6 6. d3 Bg4 7. Nbd2 Nd4 8. c3 Nxf3+
9. gxf3 Bd7 10. a4 Qh4 11. Qe2 a5 12. b5 Ne7 13. Ba3 Ng6 14. O-O-O Nf4 15. Qf1
Bxf2 16. Bxf7+ Kxf7 17. d4 Bh3 18. Qc4+ Ne6 19. dxe5 dxe5 20. Bc5 Bxc5 21. Kc2
b6 22. Kb3 Rad8 23. Kc2 0-1

[Event "Polfinal Mistrzostw Polski Niewidomych i Slabowidzacych w szachach"]
[Site "Wagrowiec"]
[Date "1899-12-30"]
[Round "1.25"]
[White "Szydlowski, Wiktor"]
[Black "Spionkowski, Fabian"]
[Result "1-0"]
[WhiteTitle "I"]
[BlackTitle "II"]
[WhiteElo "1693"]
[BlackElo "1233"]

1. e4 d6 2. d4 Nf6 3. Nc3 g6 4. f4 Bg7 5. Nf3 O-O 6. Bd3 Nbd7 7. O-O c5 8. e5 Ne8
9. Be3 cxd4 10. Bxd4 dxe5 11. fxe5 Qc7 12. Nd5 Qd8 13. Nf4 Nxe5 14. Bxe5 Bxe5
15. Nxe5 Qd4+ 16. Kh1 Qxe5 17. Qf3 Qxb2 18. Nd5 Qa3 19. Rae1 e6 20. Nf6+ Nxf6
21. Qxf6 Bd7 22. h4 Qc5 23. Re5 Qd4 24. h5 Bc6 25. h6 Bxg2+ 26. Kxg2 Qg4+ 27.
Kh2 1-0

[Event "Polfinal Mistrzostw Polski Niewidomych i Slabowidzacych w szachach"]
[Site "Wagrowiec"]
[Date "1899-12-30"]
[Round "2.1"]
[White "Mettel, Werner"]
[Black "Zoltek, Tadeusz"]
[Result "0-1"]
[WhiteTitle "I"]
[BlackTitle "FM"]
[WhiteElo "1742"]
[BlackElo "2091"]

1. e4 c5 2. Nc3 Nc6 3. f4 g6 4. Nf3 Bg7 5. Bc4 d6 6. O-O e6 7. d3 Nge7 8. a3 d5
9. Bb5 dxe4 10. Bxc6+ Nxc6 11. Nxe4 O-O 12. Kh1 b6 13. Rb1 Bb7 14. Qe1 Nd4 15.
Nxd4 Qxd4 16. Bd2 Qd5 17. Qe2 c4 18. Nc3 cxd3 19. cxd3 Qd7 20. Rbd1 Rfd8 21. Bc1
Ba6 22. Rf3 Rac8 23. Na2 Bb7 24. Rg3 Rc6 25. Be3 Rd6 26. Nc1 Ba6 27. Bg1 Bd4 28.
h3 Bxg1 29. Kxg1 Rc8 30. Qd2 Rdc6 31. Na2 Rc2 32. Qb4 Qb5 33. Rf3 Rxb2 34. Qxb5
Bxb5 0-1

[Event "Polfinal Mistrzostw Polski Niewidomych i Slabowidzacych w szachach"]
[Site "Wagrowiec"]
[Date "1899-12-30"]
[Round "2.2"]
[White "Rutkowski, Jerzy"]
[Black "Dziobek, Jerzy"]
[Result "1-0"]
[WhiteTitle "I+"]
[BlackTitle "I"]
[WhiteElo "2031"]
[BlackElo "1731"]

1. e4 e5 2. Nf3 d6 3. Bc4 h6 4. h3 Nf6 5. Nc3 Nc6 6. d3 Bd7 7. Be3 Be7 8. a3 a6
9. b4 Nh7 10. Nd5 Ng5 11. c3 Be6 12. Nd2 b5 13. Bb3 O-O 14. Qh5 Qd7 15. O-O Kh7
16. Nxe7 Qxe7 17. h4 g6 18. Qe2 Nh3+ 19. gxh3 Bxh3 20. Rfe1 Qxh4 21. Qf3 Bg4 22.
Qg3 Qh5 23. Kg2 f5 24. Rh1 f4 25. Rxh5 fxg3 26. Rxh6+ Kg7 27. Kxg3 Bh5 28. Bd5
Rf6 29. Bxc6 Raf8 30. Rh1 Rb8 31. d4 exd4 32. R6xh5 gxh5 33. Bxd4 1-0

[Event "Polfinal Mistrzostw Polski Niewidomych i Slabowidzacych w szachach"]
[Site "Wagrowiec"]
[Date "1899-12-30"]
[Round "2.3"]
[White "Debowska, Teresa"]
[Black "Pawelec, Bartosz"]
[Result "1/2-1/2"]
[WhiteTitle "WFM"]
[BlackTitle "k"]
[WhiteElo "1730"]
[BlackElo "2010"]

1. e4 c6 2. d4 d5 3. Nd2 dxe4 4. Nxe4 Nd7 5. Nf3 Ngf6 6. Ng3 h5 7. Bg5 Qb6 8. Bc4
h4 9. Ne2 Ne4 10. Bb3 Qa5+ 11. Bd2 Nxd2 12. Qxd2 Qxd2+ 13. Nxd2 h3 14. g4 e5 15.
O-O-O Be7 16. Ne4 Nf6 17. Nxf6+ gxf6 18. f3 e4 19. fxe4 Bxg4 20. Rde1 Bf3 21.
Rhg1 Bxe4 22. Nf4 Bf5 23. Rg7 Rf8 24. Nh5 Kd8 25. Bxf7 Bd6 26. Be6 Bxe6 27. Rxe6
Bxh2 28. Re3 Rb8 29. Rxh3 Bd6 30. Rf3 f5 1/2-1/2

[Event "Polfinal Mistrzostw Polski Niewidomych i Slabowidzacych w szachach"]
[Site "Wagrowiec"]
[Date "1899-12-30"]
[Round "2.4"]
[White "Migala, Andrzej"]
[Black "Jagiela, Andrzej"]
[Result "1-0"]
[WhiteTitle "k"]
[BlackTitle "I"]
[WhiteElo "2002"]
[BlackElo "1716"]

1. e4 e5 2. Nf3 Nc6 3. Bc4 Bc5 4. c3 Nf6 5. d4 exd4 6. e5 Ng4 7. cxd4 Bb4+ 8. Nc3
d6 9. h3 Nh6 10. d5 Bxc3+ 11. bxc3 Nxe5 12. Nxe5 dxe5 13. Ba3 Qg5 14. Bb5+ Kd8
15. g4 Qh4 16. Qf3 Qf6 17. Qd3 a6 18. Ba4 e4 19. Qe3 Qe5 20. O-O-O b5 21. d6 c5
22. f4 Qe8 23. Qxc5 Qd7 24. Bc2 Bb7 25. Rhe1 Re8 26. Bb4 Ng8 27. Ba5+ 1-0

[Event "Polfinal Mistrzostw Polski Niewidomych i Slabowidzacych w szachach"]
[Site "Wagrowiec"]
[Date "1899-12-30"]
[Round "2.5"]
[White "Kopiec, Miroslaw"]
[Black "Stolarczyk, Anna"]
[Result "0-1"]
[WhiteTitle "II+"]
[BlackTitle "WCM"]
[WhiteElo "1722"]
[BlackElo "1934"]

1. e4 c5 2. Nf3 d6 3. d4 cxd4 4. Nxd4 Nf6 5. Nc3 a6 6. Bd3 g6 7. Bd2 Bg7 8. Nb3
O-O 9. Qc1 Re8 10. Bh6 Bh8 11. h3 Nc6 12. a3 b5 13. O-O Bb7 14. f3 Rc8 15. Qd2
d5 16. Rae1 d4 17. Nd1 Nd7 18. f4 e6 19. Qf2 f5 20. e5 Nb6 21. g4 Qd5 22. Kh2
a5 23. Rg1 Kf7 24. Bg5 Bg7 25. Qh4 Nd7 26. Bh6 Bh8 27. Bg5 Bg7 28. Bh6 Ndxe5 29.
Nd2 Nxd3 30. cxd3 Ne7 31. Bxg7 Kxg7 32. gxf5 Nxf5 33. Qg5 Rc2 34. Re2 Qd8 35.
Qg4 Qh4 36. Rge1 Rxd2 37. Qxh4 Nxh4 38. Kg3 Nf5+ 39. Kf2 Rxd3 40. b4 axb4 41.
axb4 Rf3+ 42. Kg1 Rxf4 43. Rxe6 Rxe6 44. Rxe6 d3 45. Rb6 Bf3 46. Nf2 d2 47. Rxb5
d1=Q+ 48. Nxd1 Bxd1 49. Rb7+ Kh6 50. b5 Bf3 51. Rc7 Rb4 52. Rc5 Be2 0-1

[Event "Polfinal Mistrzostw Polski Niewidomych i Slabowidzacych w szachach"]
[Site "Wagrowiec"]
[Date "1899-12-30"]
[Round "2.6"]
[White "Kowalczyk, Marian"]
[Black "Szydlowski, Wiktor"]
[Result "1-0"]
[WhiteTitle "I++"]
[BlackTitle "I"]
[WhiteElo "1920"]
[BlackElo "1693"]

1. e4 e5 2. Nf3 Nc6 3. c3 d5 4. Bb5 Bg4 5. Qa4 Bxf3 6. Bxc6+ bxc6 7. Qxc6+ Ke7
8. gxf3 dxe4 9. fxe4 f6 10. d4 exd4 11. cxd4 Rb8 12. Nc3 Kf7 13. O-O Ne7 14. Qc4+
Ke8 15. Bf4 Qd7 16. Qxc7 Qg4+ 17. Bg3 Rxb2 18. Rab1 Rxb1 19. Rxb1 h5 20. Qc4 Nc8
21. Rb8 Bc5 22. Qxc5 Kf7 23. Qd5+ 1-0